ბათუმის შოთა რუსთაველის სახელმწიფო უნივერსიტეტის ბიბლიოთეკა

დავითიანი : (ბიბ.ჩანაწერი № 40322)

000 -ლიდერი
ფიქსირებული სიგრძის საკონტროლო ველი 01134nam a2200229Ia 4500
001 - საკონტროლო ნომერი
საკონტროლო ველი 6930
003 - საკონტროლო ნომრის იდენტიფიკატორი
საკონტროლო ველი GE_BSU
005 - ბოლო ოპერაციის თარიღი და დრო
საკონტროლო ველი 20200211122827.0
008 - ფიქსირებული სიგრძის მონაცემთა ელემენტები - ზოგადი ინფორმაცია
ფიქსირებული სიგრძის საკონტროლო ველი 181216s1980||||ge |||||||||||||| ||ge ||
040 ## - კატალოგიზაციის წყარო
Transcribing agency GE_BSU
041 ## - ენის კოდი
Language code of text/sound track or separate title geo
080 ## - უნივერსალური ათობითი კლასიფიკაციის ინდექსი
Universal Decimal Classification number 821.353.1-11 გ-97
100 ## - მთავარი ჩანაწერი - პიროვნების სახელი
Personal name გურამიშვილი, დავით.
9 (RLIN) 6973
245 ## - ცნობა სათაურის შესახებ
Title დავითიანი :
Remainder of title პოემა /
Statement of responsibility, etc დავით გურამიშვილი ; რედ. ოთარ ეგაძე ; წინასიტყვ. ავტ. ალ. ბარამიძე ; მხატვ. ევ. დერმელენკო.
264 ## - წარმოების, გამოცემის, დისტრიბუციის და სხვა ცნობები
გამოცემის, წარმოების, დისტრიბუციის... ადგილი თბილისი :
გამოცემის, წარმოების, დისტრიბუციის... სახელწოდება ხელოვნება,
გამოცემის, წარმოების, დისტრიბუციის... თარიღი 1980.
300 ## - ფიზიკური აღწერა
Extent 88 გვ. :
Other physical details ილ. ;
Dimensions 32 სმ.
600 ## - SUBJECT ADDED ENTRY--PERSONAL NAME
Personal name ეძღვნება დიდი ქართველი პოეტის დავით გურამიშვილის დაბად. 275 წლისთავს
9 (RLIN) 6974
653 ## - INDEX TERM--UNCONTROLLED
Uncontrolled term დავითიანი
653 ## - INDEX TERM--UNCONTROLLED
Uncontrolled term პოემა
700 ## - ADDED ENTRY--PERSONAL NAME
Personal name ეგაძე, ოთარ
Relator term რედაქტორი
9 (RLIN) 2938
942 ## - ADDED ENTRY ELEMENTS (KOHA)
Koha item type წიგნი
Source of classification or shelving scheme
ეგზემპლარები
ჩამოწერის სტატუსი დაკარგული ეგზემპლარის სტატუსი კლასიფიკაციის წყარო ან თაროზე გაწყობის სქემა დაზიანების სტატუსი არ გაიცემა მუდმივი მდებარეობა (დაცვის ადგილი) ამჟამინდელი ადგილსამყოფელი თაროზე განთავსების ადგილი შეძენის თარიღი ღირებულება, შესყიდვის ნორმალური ფასი სრული შენახვის შიფრი შტრიხკოდი ბოლო ოპერაციის თარიღი ეგზემპლარის მიმდევრობითი ნომერი (კეტერი?) ფასის ძალაში შესვლის თარიღი ეგზემპლარის სახეობა საჯარო შენიშვნა
          ბათუმის შოთა რუსთაველის სახელმწიფო უნივერსიტეტის მთავარი ბიბლიოთეკა ბათუმის შოთა რუსთაველის სახელმწიფო უნივერსიტეტის მთავარი ბიბლიოთეკა წიგნსაცავი 2018-12-17 14.00 821.353.1-11 გ-97 14960 2018-12-17 14960 2018-12-17 წიგნი 14.00 ლ.